Trombinoscope - Personnages se trouvant dans les jeux Mario - Statistiques

Statistiques générales
  • Ce quiz a été pris 767 fois
  • Le résultat moyen est 49 sur 100
Statistiques - réponses
Hint Réponse % Correct
Mario
98%
Luigi
97%
Peach
94%
Bowser
91%
Waluigi
90%
Toad rouge
90%
Daisy
89%
Wario
89%
Harmony
87%
Donkey Kong
82%
Yoshi
82%
Diddy Kong
77%
Boo
73%
Toadette
72%
Bébé Mario
70%
Bowser Jr.
70%
Bébé Luigi
70%
Bébé Peach
68%
Reine des Abeilles
68%
Bowser Skelet
67%
Pingouin
67%
Bébé Daisy
66%
Funky Kong
65%
Maskass
64%
Toad jaune
63%
Toad bleu
63%
Fleur de glace
63%
Bébé Harmony
63%
Toad vert (Toad banquier)
63%
Goomba
63%
Fleur de feu
62%
Papy Champi
62%
Skelerex
62%
Roi Boo
62%
Meuh Meuh
61%
Koopa Troopa
60%
Plante Piranha
60%
Dauphin
59%
Dixie Kong
58%
Frère boomrang
57%
Pauline
57%
Oursin
56%
Roi Bob-omb
56%
Frère marteau
56%
Birdo
54%
Bob-omb
54%
Taupi Taupe
53%
Flora Piranha
51%
Lapin lunaire
51%
Wiggler
49%
Koopa Paratroopa
48%
Kamek
47%
Chomp
47%
Lakitu
47%
Thwomp
44%
Wendy
44%
Paracoccinelly
44%
Bill Balle
42%
Cheep Cheep
42%
Bill Bourrin
42%
Luma
40%
Ossec
37%
Bloops
37%
Ludwig
37%
Boshi
36%
Iggy
35%
Mr. Blizzard
35%
Roy
35%
Frère Sumo
34%
Professeur Karl Tastroff
34%
Carrotin
34%
Rob
34%
Lubba
33%
Morton
33%
Hériss
31%
Pico Condor
30%
Larry
29%
Whomp
29%
Lemmy
29%
Poochy
28%
Ninji
28%
Frogfucius
28%
Crapognon
26%
Spike
25%
Catacouac
25%
Octoomba
24%
Geno
22%
Mallow
22%
Pianta
22%
Fuzzy
22%
Roi Mogu
21%
Gargantulus
21%
Martin Tamarre
21%
Pokey
18%
Tatanga
17%
Paltrak
16%
Rango
15%
Zarbipas
15%
Swooper
14%
Spewart
12%
Aucun quiz correspondant
Distribution des résultats
% des personnes avec chaque résultat
Percentile par nombre de réponses
Votre historique - résultats
Vous n’avez pas pris ce quiz